000 00883nam a22003137a 4500
001 BR8305132
003 BR-BrBNA
005 20230928091752.0
007 ta
008 230509b bl.||||| |||| 00| 0 por d
040 _aBR-BrBNA
_bpor
_cBiblioteca Nacional de Agricultura
041 _a(Por)
072 _aP12
_b/G514
090 _ P12 BR8305132
100 1 _aMatute, E.
100 1 _aMilitao, R.J.
100 1 _aHachem, A.M.
110 1 _aPrograma Nacional para Aproveitamento de Varzeas Irrigaveis, Brasilia, DF (Brasil)
_98051
245 1 _aNecessidade de agua para irrigacao [Distrito Federal, Brasil]
260 3 _aBrasilia, DF (Brasil):
_c1983.
300 _a34 p.
500 _a59 tables
650 _aIRRIGACAO
650 _aEVAPOTRANSPIRACAO
650 _aDRENAGEM
650 _aDISTRITO FEDERAL
909 _a202309
_bLucia
_c55
_dLucia Elande
942 _cBK
999 _c35433
_d35433